000 00771cam a2200253 4500
001 11598
003 BD-RjUL
005 20211208235142.0
008 140127s19471937mduaf 001 0 eng c
035 _a(BD-RjUL)11647
035 _a(NNC)3996613
040 _aChicago. Univ. Library
_cNRC
_dNRC
_dZCH
_beng
041 _aeng
082 _a615.328
_bCOB 1947
_223
100 1 _aCoward, Katharine H.
_q(Katharine Hope)
_d1885-
_935875
245 1 4 _aThe biological standardisation of the vitamins /
_cKatharine H. Coward.
250 _a2d ed.
260 _aBaltimore :
_bWilliams and Wilkins,
_c1947.
300 _avii, 224 p.
_billus., plates.
_c22 cm.
504 _aIncludes index
650 0 _aVitamins.
_933277
650 0 _aBiological assay.
_935876
942 _2ddc
_cBK
999 _c11598
_d11598